<?xml version="1.0" encoding="UTF-8"?>
<record
    xmlns:xsi="http://www.w3.org/2001/XMLSchema-instance"
    xsi:schemaLocation="http://www.loc.gov/MARC21/slim http://www.loc.gov/standards/marcxml/schema/MARC21slim.xsd"
    xmlns="http://www.loc.gov/MARC21/slim">

  <leader>01882cam a2200277Mi 4500</leader>
  <controlfield tag="001">10061482</controlfield>
  <controlfield tag="003">CaAEU</controlfield>
  <controlfield tag="005">20251022142553.0</controlfield>
  <controlfield tag="008">211224s2022    enka     b    0|1 0 eng d</controlfield>
  <datafield tag="020" ind1=" " ind2=" ">
    <subfield code="a">9781399402132</subfield>
  </datafield>
  <datafield tag="035" ind1=" " ind2=" ">
    <subfield code="a">on1342542472</subfield>
  </datafield>
  <datafield tag="040" ind1=" " ind2=" ">
    <subfield code="a">YDX</subfield>
    <subfield code="b">eng</subfield>
    <subfield code="c">YDX</subfield>
    <subfield code="d">AEKC</subfield>
  </datafield>
  <datafield tag="041" ind1=" " ind2=" ">
    <subfield code="a">eng</subfield>
  </datafield>
  <datafield tag="050" ind1=" " ind2=" ">
    <subfield code="a">HF5718.3</subfield>
    <subfield code="b">W76 2022</subfield>
  </datafield>
  <datafield tag="110" ind1=" " ind2=" ">
    <subfield code="a">Bloomsbury (Firm)</subfield>
    <subfield code="e">publisher</subfield>
    <subfield code="9">26264</subfield>
  </datafield>
  <datafield tag="245" ind1="0" ind2="0">
    <subfield code="a">Writing skills for business</subfield>
    <subfield code="b">: how to communicate clearly to get your message across.</subfield>
  </datafield>
  <datafield tag="260" ind1=" " ind2=" ">
    <subfield code="a">London :</subfield>
    <subfield code="b">Blomsbury Business,</subfield>
    <subfield code="c">2022.</subfield>
  </datafield>
  <datafield tag="300" ind1=" " ind2=" ">
    <subfield code="a">95 pages :</subfield>
    <subfield code="b">illustrations ;</subfield>
    <subfield code="c">18 cm.</subfield>
  </datafield>
  <datafield tag="490" ind1=" " ind2=" ">
    <subfield code="a">Business essentials</subfield>
  </datafield>
  <datafield tag="504" ind1=" " ind2=" ">
    <subfield code="a">Includes bibliographical references and index.</subfield>
  </datafield>
  <datafield tag="505" ind1="0" ind2=" ">
    <subfield code="a">Assess yourself: How good are your writing skills? &#x2014; Why being good at writing matters &#x2014; Communicating with purpose &#x2014; Knowing your audience &#x2014; Some types of written communication &#x2014; Layout and formatting &#x2014; Adopting the right tone and style &#x2014; Grammar, punctuation and spelling &#x2014; Recap: Writing rules - essential dos &#x2014; Checking and editing your work.</subfield>
  </datafield>
  <datafield tag="520" ind1=" " ind2=" ">
    <subfield code="a">Everything you need to know about writing for business -- from working out the mesage you want to send, to understanding your audience. As everyone adjusts to new ways of working, using words to engage, inform, persuade, or sell to others is increasingly important. Writing Skills for Business is packed full of quick tips and nuggets of advice on how to communicate better in your writing.  From understanding the needs of your intended audience, to selecting the right layout and the most persuasive tone and style, this new guide will help you produce the most effective communications -- whether that's internal reports, business plans, team briefings, social media posts or presentations.</subfield>
  </datafield>
  <datafield tag="650" ind1=" " ind2="0">
    <subfield code="a">Business writing</subfield>
    <subfield code="9">5535</subfield>
  </datafield>
  <datafield tag="650" ind1=" " ind2="0">
    <subfield code="a">Communication in management</subfield>
    <subfield code="9">2095</subfield>
  </datafield>
  <datafield tag="942" ind1=" " ind2=" ">
    <subfield code="2">lcc</subfield>
  </datafield>
  <datafield tag="952" ind1=" " ind2=" ">
    <subfield code="0">0</subfield>
    <subfield code="1">0</subfield>
    <subfield code="2">lcc</subfield>
    <subfield code="4">0</subfield>
    <subfield code="7">0</subfield>
    <subfield code="a">TBS</subfield>
    <subfield code="b">TBS</subfield>
    <subfield code="d">2025-10-22</subfield>
    <subfield code="l">0</subfield>
    <subfield code="o">HF5718.3 BLO</subfield>
    <subfield code="p">B05715</subfield>
    <subfield code="r">2025-10-22</subfield>
    <subfield code="t">1</subfield>
    <subfield code="w">2025-10-22</subfield>
    <subfield code="y">1</subfield>
  </datafield>
  <datafield tag="999" ind1=" " ind2=" ">
    <subfield code="c">5080</subfield>
    <subfield code="d">5080</subfield>
  </datafield>
</record>
